Valuing the role of construction in the New Zealand economy (Record no. 112897)
[ view plain ]
| 000 -LEADER | |
|---|---|
| fixed length control field | 00835cad a22001935a 4500 |
| 001 - CONTROL NUMBER | |
| control field | L154242 |
| 008 - FIXED-LENGTH DATA ELEMENTS--GENERAL INFORMATION | |
| fixed length control field | 111107s2011 xxk f 000 0 eng d |
| 035 ## - SYSTEM CONTROL NUMBER | |
| System control number | (Sirsi) u154242 |
| 041 0# - LANGUAGE CODE | |
| Language code of text/sound track or separate title | eng |
| 110 2# - MAIN ENTRY--CORPORATE NAME | |
| Corporate name or jurisdiction name as entry element | PriceWaterhouseCoopers |
| 9 (RLIN) | 3793 |
| 245 00 - TITLE STATEMENT | |
| Title | Valuing the role of construction in the New Zealand economy |
| Remainder of title | a report to the Construction Strategy Group |
| Medium | [electronic resource] |
| 260 ## - PUBLICATION, DISTRIBUTION, ETC. | |
| Place of publication, distribution, etc. | Auckland |
| Name of publisher, distributor, etc. | PwC |
| Date of publication, distribution, etc. | 2011 |
| 520 ## - SUMMARY, ETC. | |
| Summary, etc. | An in-depth commentary on the construction industry in New Zealand. |
| 590 ## - LOCAL NOTE (RLIN) | |
| Local note | KA NTK |
| 651 #4 - SUBJECT ADDED ENTRY--GEOGRAPHIC NAME | |
| Geographic name | New Zealand |
| Chronological subdivision | 1947- |
| 690 ## - LOCAL SUBJECT ADDED ENTRY--TOPICAL TERM (OCLC, RLIN) | |
| Topical term or geographic name as entry element | BUILT ENVIRONMENT-CONSTRUCTION MARKET |
| 856 40 - ELECTRONIC LOCATION AND ACCESS | |
| Uniform Resource Identifier | <a href="https://www.constructionstrategygroup.org.nz/downloads/PwC%20Report%20-%20Construction%20Sector%20Analysis%20Final%204%20Oct.pdf">https://www.constructionstrategygroup.org.nz/downloads/PwC%20Report%20-%20Construction%20Sector%20Analysis%20Final%204%20Oct.pdf</a> |
| Public note | View this item free of charge at www.constructionstrategygroup.org |
| 942 ## - ADDED ENTRY ELEMENTS (KOHA) | |
| Suppress in OPAC | 0 |
| Withdrawn status | Lost status | Source of classification or shelving scheme | Damaged status | Not for loan | Home library | Current library | Shelving location | Date acquired | Total Checkouts | Full call number | Barcode | Date last seen | Copy number | Price effective from | Koha item type |
|---|---|---|---|---|---|---|---|---|---|---|---|---|---|---|---|
| Dewey Decimal Classification | Virtual | Virtual | Online | 07/11/2011 | ONLINE PUBLICATION | 154242-2001 | 06/08/2019 | 1 | 06/08/2019 | Book |